The Czech and Slovak republics
| Titel: | The Czech and Slovak republics / Jacques Rupnik ... (eds.). Contrib.: Anne Bazin ... |
|---|---|
| Beteiligt: | ; |
| Veröffentlicht: | Manchester [u.a.] : Manchester Univ. Press [u.a.], 2003 |
| Umfang: | VI, 294 S. |
| Format: | Buch |
| Sprache: | Englisch |
| Schriftenreihe/ mehrbändiges Werk: |
The road to the European Union ; 1 alle Bände anzeigen
Europe in change |
| ISBN: | 0719065976 |
| Hinweise zum Inhalt: |
Inhaltsverzeichnis
|
alg: 11001026
001A $00004:10-03-03
001B $01999:09-06-23 $t23:28:09.000
001C $06002:06-03-06 $t08:02:23.000
001D $00004:12-09-03
001U $0utf8
001X $00
002@ $0AFu
003@ $0110010264
003O $0175049864 $aOCoLC
004A $00-7190-6597-6
006A $02003059348
006B $0bA3Y0801
006H $0L4635490
006H $0R3403903
007A $0110010264 $aHEB
007G $0DE0204242993330BA4AD5C1257C3F003C523F
007T $0Herdhh110010175+1=Bd. 1
009P $qapplication/pdf $A2 $3Inhaltsverzeichnis $uhttp://scans.hebis.de/HEBCGI/show.pl?11001026_toc.pdf $mV:DE-603;B:DE-Mb50
010@ $aeng
011@ $a2003
021A $aThe @Czech and Slovak republics $hJacques Rupnik ... (eds.). Contrib.: Anne Bazin ...
028C $BHrsg. $#Rupnik, J. $7122682866 $8Rupnik, Jacques$Z1950- [Tp3] $9153792752
028C/01 $7 $8Bazin, Anne [Tnd] $9153532645
033A $pManchester {[u.a.] $nManchester Univ. Press {[u.a.]
034D $aVI, 294 S.
036C $aThe @road to the European Union $x11 $l1
036D $x11 $8The @road to the European Union $9110010175
036G $aEurope in change
041K $027780800 $aPolitical analysis
041K/01 $027916000 $aTerritorial integration
041K/02 $097322040 $aHC 94-1085 Economic hist by region
045A $aHC240.25
045F $a900.940904 $eDDC23BSB
045F/01 $a900
045F/03 $f0904
045F/03 $g4
045G $a909 $eDDC23BSB
045G/01 $a909
045G/03 $g4
045G/03 $g437
045G/03 $g4373
045G/03 $g4371
lok: 11001026 24
101B $010-04-06 $t13:58:41.000
101C $010-04-06
145Z/01 $a60 7 O
145Z/02 $a60 7 R
145Z/03 $a22 7 R
145Z/04 $a24 7 R
145Z/05 $a23 7 R
101U $0utf8
exp: 11001026 24 1 #EPN
201B/01 $012-12-13 $t08:12:04.000
201C/01 $010-04-06
201U/01 $0utf8
203@/01 $0382973259
208@/01 $a10-04-06 $bz
209A/01 $a06.1807 $du $f050 $h06 1807 $x00
209C/01 $a06.1807 K $h06 1807 K
209G/01 $a70652692 $x00
220C/01 $akon
247C/01 $8358050-7 Marburg, Bibliothek des Herder-Instituts Marburg $9102600961
lok: 11001026 78
exp: 11001026 78 1 #EPN
201B/01 $025-11-17 $t23:32:08.000
201U/01 $0utf8
203@/01 $0796930236
208@/01 $a16-12-16 $be
209A/01 $a/ $f000 $x00
220C/01 $aTitelaufnehmer: cs
237A/01 $aweiterführende Signatur(en): Herder-Institut: 06.1807
244Z/01 $2Trx $#Slowakische Republik $#Szlovák Köztársaság $#Republika Słowacka $#Slovenská Republika $#Slovensko $#Slowakei $#Słowacja $#Slovensko $8--Trx--Slovenská Republika $x01 $9391345796
244Z/01 $#Tschechien $#Tschechische Republik $#Tschechische Republik $#Tschechenland $#Tschechei Tschechien $#Česká Republika $#Czech Republic $#ČR $74303381-7 $8--Tg1--Tschechien $x02 $9086659812
244Z/01 $2Trx $#Böhmen $#Bohemia $#Czechy $8--Trx--Čechy $x03 $9391188941
244Z/01 $2Trx $#suhted, rahvusvahelised $#santykiai, tarptautiniai $#relations, international $#kapcsolatok, nemzetközi $#stosunki międzynarodowe $#vzťahy medzinárodné $#vztahy mezinárodní $8--Trx--Beziehungen, internationale $x04 $9391372572
244Z/01 $2Trx $#integratsioonipoliitika, Euroopa $#Europos integracijos politika $#European integration $#integráció politika, európai $#polityka narodowościowa, europejska $#politika integračná európska $#politika integrační evropská $#Osterweiterung, europäische $#Europäisierung $#policy of integration, European $8--Trx--Integrationspolitik, europäische $x05 $9391382152
244Z/01 $2Trx $#dzieło zbiorowe $8--Trx--Sammelwerk $x06 $9391384597
245Z/01 $a01.03 $x01
247C/01 $82080>Marburg/Lahn, Herder-Institut, Forschungsbibliothek, Bibliographieportal $9336309341
lok: 11001026 205
exp: 11001026 205 1 #EPN
201B/01 $013-02-23 $t11:32:44.000
201C/01 $010-03-03
201U/01 $0utf8
203@/01 $0181410028
208@/01 $a12-09-03 $bz
209A/01 $a080 NZX 92714, 1 $du $f000 $x00
209B/01 $aedz $x05
209C/01 $a(586) 2003/416 $h2003 416
209G/01 $a67704398 $x00
220B/01 $aaltbik586
245Z/01 $aEDZ $x01
247C/01 $8351000-1 <4>Marburg, Universität Marburg, Universitätsbibliothek $9102594767
| LEADER | 00000cam a2200000 cb4500 | ||
|---|---|---|---|
| 001 | 110010264 | ||
| 003 | DE-603 | ||
| 005 | 20230609232809.0 | ||
| 007 | tu | ||
| 008 | 030310s2003 xx |||| | u00||u|eng c | ||
| 010 | |a 2003059348 | ||
| 020 | |a 0719065976 | ||
| 035 | |a (DE-599)HEB110010264 | ||
| 035 | |a (OCoLC)175049864 | ||
| 040 | |a DE-603 |b ger |c DE-603 |d DE-603 | ||
| 041 | |a eng | ||
| 050 | 0 | |a HC240.25 | |
| 082 | 0 | 4 | |8 1\u |a 900.940904 |q DE-101 |2 23/BSB |
| 083 | 0 | |8 2\u |a 909 |q DE-101 |2 23/BSB | |
| 085 | |8 1\u |b 900 | ||
| 085 | |8 1\u |z 1 |s 0904 | ||
| 085 | |8 1\u |z 2 |s 4 | ||
| 085 | |8 2\u |b 909 | ||
| 085 | |8 2\u |z 2 |s 4 | ||
| 085 | |8 2\u |z 2 |s 437 | ||
| 085 | |8 2\u |z 2 |s 4373 | ||
| 085 | |8 2\u |z 2 |s 4371 | ||
| 245 | 0 | 0 | |a The Czech and Slovak republics |c Jacques Rupnik ... (eds.). Contrib.: Anne Bazin ... |
| 264 | 1 | |a Manchester [u.a.] |b Manchester Univ. Press [u.a.] |c 2003 | |
| 300 | |a VI, 294 S. | ||
| 490 | 0 | |a Europe in change | |
| 490 | 1 | |a The road to the European Union |v 1 | |
| 700 | 1 | |a Rupnik, Jacques |d 1950- |e Hrsg. |4 edt |0 (DE-603)153792752 |0 (DE-588)122682866 |2 gnd | |
| 700 | 1 | |a Bazin, Anne |0 (DE-603)153532645 | |
| 830 | 0 | |a The road to the European Union |v 1 |w (DE-603)110010175 |9 11 |7 am | |
| 856 | 4 | 2 | |m V:DE-603;B:DE-Mb50 |q application/pdf |u http://scans.hebis.de/HEBCGI/show.pl?11001026_toc.pdf |3 Inhaltsverzeichnis |
| 924 | 0 | |9 Mb 50 |a (DE-603)382973259 |b DE-Mb50 |c HES |d c |g 06.1807 | |
| 924 | 0 | |9 2080 |a (DE-603)796930236 |b DE-2080 |c HES |d d |g / | |
| 924 | 0 | |9 4 |a (DE-603)181410028 |b DE-4 |c HES |d c |g 080 NZX 92714, 1 | |
alle Bände anzeigen

